000
00181 a2200097 4500
020
_a
9780761423607
041
_a
spa
100
_a
Gordon, Sharon
245
_a
Compartimos
942
_c
BK
999
_c
9501
_d
9501